Statistics for Top 10 Formula One Drivers Starting With 'R'

Click here to take the quiz!

General Stats

  • This quiz has been taken 44 times
  • The average score is 9 of 10

Answer Stats

Lp.NationalityCareerDriver% Correct
2Finnish2001-2021Kimi Raikkonen
100%
4Finnish1978-1986Keke Rosberg
98%
1German2006-2016Nico Rosberg
98%
6Australian2011-Daniel Ricciardo
95%
10British2019-George Russell
90%
9Mexican1963-1971Pedro Rodriguez
88%
5Argentine1972-1982Carlos Reutemann
86%
3Austrian1964-1970Jochen Rindt
83%
7Swiss1970-1980Clay Regazzoni
76%
8American1964-1974Peter Revson
36%

Score Distribution

Percentile by Number Answered

Percent of People with Each Score

Your Score History

You have not taken this quiz